| 000 | 01423nam a22002417a 4500 | ||
|---|---|---|---|
| 005 | 20110407142741.0 | ||
| 020 |
_a8182633753 _c40.00 |
||
| 035 | _aB-432149-153 | ||
| 037 |
_aDPL _bBlue Berry |
||
| 082 | _aS | ||
| 100 |
_aAnand, Paro _929746 |
||
| 245 |
_aBhabhloo Bear's Adventure / _cby Paro Anand ; illustrated by Suvidha mistry |
||
| 260 |
_aNew Delhi _bPratham Books _c2010 |
||
| 270 |
_a633-634,4th "C" Main,6th 'B' Cross, OMBR Layout Banaswadi, _bBangalore _e560043 _k911141042483 (New Delhi) |
||
| 300 |
_a24p. _bill. _c21cm.(pbk) |
||
| 942 |
_2ddc _cCH _hS _mANA |
||
| 999 |
_c51503 _d51503 |
||